Designing brand identity. An essential guide for the whole branding team.

Shranjeno v:
Bibliografske podrobnosti
Glavni avtor: Wheeler, Alina (Author)
Format: Knjiga
Izdano: Hoboken, New Jersey, USA: John Wiley & Sons, 2013.
Izdaja:Fourth edition.
Teme:
Oznake: Označite
Brez oznak, prvi označite!

MARC

LEADER 00000nam a22000007a 4500
003 CL-VaPUC
005 20220824125328.0
008 220802t2013 ||||| |||| 00| 0 eng d
999 |c 437841  |d 437839 
020 |a 978-1-118-09920-9 (cloth) 
040 |c Pontificia Universidad Católica de Valparaíso 
082 |a 658.827 WHE 2013 
100 1 |a Wheeler, Alina  |e author  |9 874550 
245 |a Designing brand identity.   |b An essential guide for the whole branding team. 
250 |a Fourth edition. 
260 |a Hoboken, New Jersey, USA:  |b John Wiley & Sons,   |c 2013. 
300 |a 326 páginas. 
500 |a c.1 Donación Francisco Vera Muñoz. Titulado Diseño. ARQ 08/2021. 11/07/2022 
583 |c 20220802  |k Catalogador Asistente 
650 |a Marcas   |x Diseño  |9 875296 
650 |a Productos de marca  |9 875297 
942 |2 ddc  |c BK 
952 |0 0  |1 0  |2 ddc  |4 0  |6 658_827000000000000_WHE_2013  |7 0  |8 A  |9 585671  |a BIBARQ  |b BIBARQ  |c GEN  |d 2022-08-02  |e Donación  |i 5653735  |l 1  |o 658.827 WHE 2013  |p 5653735  |r 2025-01-20  |s 2022-10-19  |t 1  |w 2022-08-02  |y BK  |k ARQ